Dùng người có hiệu quả nhất /

Zapisane w:
Opis bibliograficzny
1. autor: Wang Gang
Format: Książka
Język:Vietnamese
Wydane: Hà Nội 2004
Etykiety: Dodaj etykietę
Nie ma etykietki, Dołącz pierwszą etykiete!
Thư viện lưu trữ: Mạng thư viện Đại học Đà Nẵng
LEADER 00626nam a2200265 4500
001 000028485
003 WA-GN
005 20150403120000.0
008 150403s vm 000 vie
020 |c 0,0000 
040 |a notts 
100 |a Wang Gang 
245 |a Dùng người có hiệu quả nhất /  |c Wang Gang ;Hà Sơn dịch. 
260 |b Hà Nội  |c 2004 
OWN |a LTT 
999 |a From the UDN01 
TYP |a Monograph 
TYP |a Printed language 
980 |a Mạng thư viện Đại học Đà Nẵng